000
00218 a2200097 4500
001
11052
100
_a
Safder Mahmood
245
_a
The Constitutional Foundation
260
_a
_b
Publish United
_c
090
_c
8617
_d
8617
942
_a
NUST-CAE
_c
M
_c
35397
999
_c
246125
_d
246125